| 000 | 00343nam a2200121Ia 4500 | ||
|---|---|---|---|
| 999 |
_c19021 _d19021 |
||
| 082 |
_a630.201 _bNAR/TE |
||
| 100 | _aNarain,P | ||
| 245 | _aTechnical address : statitical science in a agricultural research and development | ||
| 260 |
_bIndian society of agricultural statitics _c1993 |
||
| 300 | _a22p. | ||
| 546 | _aEnglish | ||
| 942 |
_2ddc _cREP |
||